[Event "Challenge"]
[Site "http://www.queenalice.com/game.php?id=1052963"]
[Date "2012.4.26"]
[Round "-"]
[White "hambu1"]
[Black "Enzo1945"]
[Result "1-0"]
[WhiteElo "1299"]
[BlackElo "1373"]

1. e4 e5 2. Nf3 Nf6 3. d3 Bc5 4. Qe2 Nc6 5. Be3 d6 6. Bxc5 dxc5 7. Nc3 Nd4 8.
Qd2 b6 9. Be2 Be6 10. Nxe5 Qd6 11. Nf3 O-O 12. e5 Qc6 13. exf6 gxf6 14. O-O Bg4
15. Nxd4 Qd7 16. Bxg4 Qxd4 17. Bf3 Rad8 18. Rfe1 a6 19. Re4 Qd6 20. Rae1 f5 21.
Qg5+ Kh8 22. Qxf5 Rg8 23. Qe5+ Qxe5 24. Rxe5 f6 25. Re7 c6 26. g3 b5 27. Bxc6 b4
28. Ne4 a5 29. Nxf6 Rgf8 30. Rxh7# 1-0

[Event "Challenge"]
[Site "http://www.queenalice.com/game.php?id=1053335"]
[Date "2012.4.27"]
[Round "-"]
[White "hambu1"]
[Black "skimonline"]
[Result "1-0"]
[WhiteElo "1100"]
[BlackElo "1296"]

1. e4 Nf6 2. Nc3 e5 3. a3 Bd6 4. Nf3 O-O 5. Be2 Qe7 6. d4 Nc6 7. d5 Na5 8. O-O
c6 9. b4 Nxd5 10. exd5 cxd5 11. Nxd5 Qe6 12. bxa5 e4 13. Ne3 exf3 14. Bxf3 Qe5
15. g3 Bc5 16. Rb1 d6 17. Re1 Bh3 18. Bb2 Qe6 19. Bd5 Qe7 20. Qh5 g6 21. Qh6
Bxe3 22. Qg7# 1-0

[Event "Challenge"]
[Site "http://www.queenalice.com/game.php?id=1061799"]
[Date "2012.5.20"]
[Round "-"]
[White "hambu1"]
[Black "BigWally"]
[Result "1-0"]
[WhiteElo "1434"]
[BlackElo "1231"]

1. e4 e5 2. Nf3 Nf6 3. d3 c5 4. Be2 b6 5. Nxe5 d6 6. Ng4 Nh5 7. Bf3 Na6 8. Nc3
Nc7 9. Ne3 Na6 10. Bxh5 Be6 11. Bg4 Bxg4 12. Nxg4 Rb8 13. Bf4 b5 14. Ne3 Nc7 15.
Ned5 b4 16. Nxc7+ Qxc7 17. Ne2 Be7 18. O-O O-O 19. b3 a5 20. c3 Bf6 21. Rc1 Qe7
22. c4 Bg5 23. Qd2 Bf6 24. d4 cxd4 25. Nxd4 Bxd4 26. Qxd4 Rfd8 27. Rfe1 g5 28.
Bd2 Rbc8 29. f4 g4 30. Re3 Rc5 31. g3 Rh5 32. Rce1 Qe6 33. R3e2 Qe7 34. f5 Rh6
35. Bxh6 f6 36. Bf4 Qc7 37. Rd1 Kg7 38. Bxd6 Rxd6 39. Qxd6 Qxd6 40. Rxd6 Kh6 41.
e5 Kg7 42. exf6+ Kf7 43. Re7+ Kg8 44. Rd8# 1-0

[Event "Challenge"]
[Site "http://www.queenalice.com/game.php?id=1082299"]
[Date "2012.7.13"]
[Round "-"]
[White "hambu1"]
[Black "Dancarvalho"]
[Result "1-0"]
[WhiteElo "1467"]
[BlackElo "1426"]

1. e4 e5 2. Nf3 d6 3. d3 Bg4 4. Be2 f5 5. Nc3 fxe4 6. dxe4 Nf6 7. Bc4 c5 8. Qd3
Be7 9. O-O Kf8 10. Ng5 Nc6 11. Nf7 Qe8 12. Nxh8 Nb4 13. Qd2 d5 14. Bxd5 Nfxd5
15. f3 Be6 16. Nxd5 Kg8 17. Nxe7+ Qxe7 18. Ng6 hxg6 19. b3 Rd8 20. Qe2 Qd7 21.
Be3 b6 22. Rfd1 Qe7 23. Rxd8+ Qxd8 24. a3 Nc6 25. Rd1 Qh4 26. Qf2 Qh5 27. Qg3 g5
28. Qxg5 Qxg5 29. Bxg5 Nd4 30. Rd2 a5 31. Bd8 Bd7 32. Bxb6 Bb5 33. Bxc5 Ne6 34.
Bd6 1-0

[Event "Challenge"]
[Site "http://www.queenalice.com/game.php?id=1084941"]
[Date "2012.7.20"]
[Round "-"]
[White "hambu1"]
[Black "dourado86"]
[Result "1-0"]
[WhiteElo "1518"]
[BlackElo "1413"]

1. e4 Nf6 2. e5 Nd5 3. d4 e6 4. Nf3 Bb4+ 5. c3 Ba5 6. Bc4 Nb6 7. Bd3 O-O 8. O-O
d6 9. Ng5 dxe5 10. dxe5 N6d7 11. Nf3 c6 12. Bf4 c5 13. c4 Nc6 14. b3 Bc7 15. Nc3
Ndxe5 16. Nxe5 Nxe5 17. Bxe5 Bxe5 18. Rc1 Qh4 19. g3 Qh3 20. Be4 f5 21. Bg2 Qh6
22. Na4 f4 23. Qg4 Rb8 24. Qe2 fxg3 25. hxg3 Bd6 26. Nc3 Rf4 27. Qe3 Rg4 28.
Qxh6 Rg6 29. Qe3 e5 30. Nb5 Bf5 31. Nxd6 Bd7 32. Ne4 Rf8 33. Rcd1 Bc8 34. Rd6
Be6 35. Nxc5 Bxc4 36. Bd5+ Bxd5 37. Rxd5 h6 38. Rxe5 b6 39. Nd3 h5 40. Rxh5 Rc8
41. Re1 Rd6 42. Nf4 g6 43. Rg5 Rc2 44. a4 Rb2 45. Qe8+ Kh7 46. Rxg6 Rxg6 47.
Qxg6+ Kh8 48. Re8# 1-0

[Event "another go"]
[Site "http://www.queenalice.com/game.php?id=1090078"]
[Date "2012.8.4"]
[Round "-"]
[White "BigWally"]
[Black "hambu1"]
[Result "0-1"]
[WhiteElo "1270"]
[BlackElo "1508"]

1. e4 e5 2. Nf3 Nc6 3. Na3 Bxa3 4. bxa3 Nf6 5. Bd3 O-O 6. a4 a5 7. Ba3 Re8 8.
O-O d6 9. Ng5 Be6 10. Qb1 b6 11. c4 Bd7 12. Qd1 Nd4 13. Be2 Nxe2+ 14. Qxe2 Bxa4
15. d3 c5 16. Nf3 Bd7 17. Bc1 Bg4 18. h3 Bxf3 19. Qxf3 h6 20. g3 Qd7 21. Rb1
Rab8 22. Qd1 Qxh3 23. Qf3 Qe6 24. a4 Kf8 25. Re1 h5 26. Bg5 Ng4 27. Qg2 Nf6 28.
Bd2 g6 29. Bh6+ Ke7 30. Bg5 Qg4 31. Bh6 Qd7 32. Bg5 Ke6 33. Bxf6 Kxf6 34. f3 Ke7
35. Qh2 Kd8 36. Qh4+ Qe7 37. Qh2 Kc7 38. Rb3 Rb7 39. f4 Rh8 40. Rf1 Kb8 41. Qh3
Ka7 42. g4 exf4 43. Rxf4 Qg5 44. Qf3 Rf8 45. Kf1 Qe5 46. Qf2 hxg4 47. Rxg4 Qa1+
48. Kg2 Qd1 49. Rb2 Qxg4+ 50. Qg3 Qxg3+ 51. Kxg3 f5 52. Rf2 Rbf7 53. Rf4 fxe4
54. Rxe4 Rf3+ 55. Kg4 Rxd3 56. Re7+ Ka6 57. Rg7 Rd4+ 58. Kg5 Rxc4 59. Rxg6 Rxa4
60. Rxd6 Ra1 61. Kg6 Rf2 62. Rd8 Rg1+ 63. Kh5 Rh2# 0-1

[Event "Challenge"]
[Site "http://www.queenalice.com/game.php?id=1105924"]
[Date "2012.9.24"]
[Round "-"]
[White "fougalios"]
[Black "hambu1"]
[Result "1-0"]
[WhiteElo "1530"]
[BlackElo "1555"]

1. d4 d5 2. Nf3 Nf6 3. Bf4 e6 4. c3 Be7 5. h3 Bd7 6. a4 O-O 7. a5 a6 8. e3 c5 9.
Qb3 Qc8 10. Be2 Bc6 11. Nbd2 Nbd7 12. O-O Ne8 13. Rfe1 Bd6 14. Bxd6 Nxd6 15. Qa3
Qc7 16. dxc5 Ne8 17. Nb3 e5 18. Red1 Ndf6 19. Rd2 Qe7 20. Rc2 Nc7 21. Rd1 h6 22.
c4 Rfd8 23. cxd5 Ncxd5 24. Bc4 Rd7 25. Bxd5 Nxd5 26. Rcd2 Rad8 27. Ne1 Qh4 28.
Nf3 Qe7 29. Nh2 Qe6 30. Nf3 Nf6 31. Rxd7 Rxd7 32. Rxd7 Nxd7 33. Nbd2 e4 34. Nd4
Qe7 35. Nxc6 bxc6 36. Qb4 Qxc5 37. Qxe4 Qxa5 38. Qe8+ Nf8 39. Nf3 c5 40. Ne5 Qb5
41. Qxf7+ 1-0

[Event "Another go"]
[Site "http://www.queenalice.com/game.php?id=1128818"]
[Date "2012.12.6"]
[Round "-"]
[White "hambu1"]
[Black "fougalios"]
[Result "0-1"]
[WhiteElo "1524"]
[BlackElo "1593"]

1. e4 d5 2. exd5 Qxd5 3. Nc3 Qa5 4. d4 c6 5. Nf3 Bg4 6. h3 Bh5 7. g4 Bg6 8. Ne5
Nf6 9. Bg2 e6 10. Bd2 Nbd7 11. Nxg6 hxg6 12. Qe2 Qb6 13. O-O-O Bd6 14. Be3 Qc7
15. Bf3 O-O-O 16. Rd3 Kb8 17. Nd1 Nd5 18. Bxd5 exd5 19. Kb1 Rde8 20. Qf1 Nf6 21.
Rd2 Ne4 22. Re2 Qb6 23. Ka1 g5 24. Nc3 Nxc3 25. bxc3 f6 26. Re1 Re7 27. Rb1 Qa5
28. Qd3 Rhe8 29. Rhe1 Kc8 30. Bd2 Rxe1 31. Bxe1 Bf4 32. Bd2 Bxd2 33. Qxd2 Qa6
34. Re1 Kd7 35. Qd1 Qa3 36. Qd2 Rh8 37. Qd3 Qd6 38. Qf3 Qf4 39. Qxf4 gxf4 40.
Rh1 g5 41. f3 Kd6 42. Kb2 b5 43. Kc1 c5 44. Kd2 c4 45. a3 a5 46. Rh2 Ke6 47.
Re2+ Kf7 48. Rh2 Kg6 49. Rh1 f5 50. gxf5+ Kxf5 51. Rh2 a4 52. Rh1 Kg6 53. Ke2
Re8+ 0-1

[Event "2nd chance"]
[Site "http://www.queenalice.com/game.php?id=1137729"]
[Date "2013.1.6"]
[Round "-"]
[White "hambu1"]
[Black "BigWally"]
[Result "1-0"]
[WhiteElo "1494"]
[BlackElo "1324"]

1. e4 g6 2. d4 Nf6 3. Nc3 Bg7 4. Nf3 a5 5. a4 b6 6. h3 d5 7. Bd3 dxe4 8. Nxe4
Nxe4 9. Bxe4 Ra7 10. c3 O-O 11. O-O c5 12. Be3 cxd4 13. cxd4 Na6 14. Bd3 e6 15.
Bxa6 Bxa6 16. Re1 Rc7 17. Qd2 Rc4 18. b3 Rb4 19. Rab1 e5 20. Red1 Re8 21. dxe5
Qxd2 22. Bxd2 Bxe5 23. Bxb4 axb4 24. Nxe5 Rxe5 25. Rd8+ Kg7 26. Rd6 Rg5 27. g3
h5 28. h4 Re5 29. Rxb6 Bd3 30. Ra1 Bc2 31. a5 Bxb3 32. a6 Bd5 33. Rxb4 Re8 34.
a7 Ba8 35. Rb8 Bc6 36. Rxe8 Bxe8 37. a8=Q Bd7 38. Qd8 Be6 39. Ra8 Bf5 40. Qh8#
1-0

[Event "Challenge"]
[Site "http://www.queenalice.com/game.php?id=1154576"]
[Date "2013.2.22"]
[Round "-"]
[White "Enzo1945"]
[Black "hambu1"]
[Result "0-1"]
[WhiteElo "1510"]
[BlackElo "1513"]

1. d4 d5 2. Nc3 e6 3. Bf4 Bb4 4. a3 Bxc3+ 5. bxc3 Nf6 6. e3 O-O 7. Bd3 b6 8. Nf3
Ba6 9. O-O h6 10. Ne5 Bb7 11. c4 c6 12. cxd5 cxd5 13. Qf3 Nbd7 14. Bb5 Nxe5 15.
dxe5 Ne4 16. Rfd1 Nc3 17. Rd3 Nxb5 18. a4 Nc7 19. Qg3 Kh7 20. Rd4 Rg8 21. Qh3
Rc8 22. Bg3 Na6 23. Rf4 Rc7 24. Bh4 Qc8 25. Bg5 Rxc2 26. Rxf7 Rc1+ 27. Rxc1
Qxc1# 0-1

[Event "Challenge"]
[Site "http://www.queenalice.com/game.php?id=1182187"]
[Date "2013.5.17"]
[Round "-"]
[White "MarKo85"]
[Black "hambu1"]
[Result "0-1"]
[WhiteElo "1601"]
[BlackElo "1568"]

1. d4 d5 2. e3 e6 3. c4 c6 4. Nc3 Nf6 5. Nf3 h6 6. Bd3 Bb4 7. O-O dxc4 8. Bxc4
Bxc3 9. bxc3 Nbd7 10. a4 a5 11. Ne5 O-O 12. Ba3 Re8 13. Nxd7 Bxd7 14. Re1 b6 15.
Bd3 Bc8 16. Qf3 Bb7 17. Be4 Nxe4 18. Qxe4 Qc7 19. Qc2 b5 20. c4 b4 21. Bb2 c5
22. Red1 Rad8 23. dxc5 Qxc5 24. Rxd8 Rxd8 25. Rd1 Rxd1+ 26. Qxd1 Qc6 27. Qd8+
Kh7 28. f3 Qc5 29. Qd3+ Kg8 30. Bd4 Qg5 31. c5 Bxf3 32. Kf1 Qxg2+ 33. Ke1 Qg1+
34. Qf1 Qxf1+ 35. Kxf1 Bc6 36. h4 f6 37. Ke2 e5 38. Bb2 Kf7 39. Kf2 h5 40. Kg3
Ke6 41. Kf2 Kd5 42. Kf3 Kxc5+ 0-1

[Event "Challenge"]
[Site "http://www.queenalice.com/game.php?id=1202041"]
[Date "2013.7.23"]
[Round "-"]
[White "MarKo85"]
[Black "hambu1"]
[Result "1/2-1/2"]
[WhiteElo "1558"]
[BlackElo "1595"]

1. d4 d5 2. e3 Nf6 3. c4 e6 4. c5 Bd7 5. Nc3 Bc6 6. Bb5 a6 7. Bxc6+ Nxc6 8. Nf3
Be7 9. O-O O-O 10. a3 b6 11. b4 b5 12. Ne5 Nxe5 13. dxe5 Nd7 14. Ne2 Nxe5 15.
Bb2 Nc6 16. Nf4 Bf6 17. Bxf6 Qxf6 18. g3 Qd8 19. Qf3 Ne5 20. Qe2 c6 21. Rad1 Nc4
22. e4 Qg5 23. exd5 cxd5 24. h4 Qe5 25. Qxe5 Nxe5 26. Kg2 Nc4 27. Rfe1 Nxa3 28.
Rc1 Nc4 29. Re2 Rfe8 30. Nd3 Ra7 31. Rc3 h6 32. f4 g6 33. Ne5 Nxe5 34. fxe5 h5
35. Ra3 Rc8 36. Rea2 Rca8 37. Ra5 Kg7 38. Kf3 f6 39. Kf4 f5 40. Rd2 Kh6 1/2-1/2

[Event "Challenge"]
[Site "http://www.queenalice.com/game.php?id=1223287"]
[Date "2013.10.9"]
[Round "-"]
[White "hambu1"]
[Black "MarKo85"]
[Result "1-0"]
[WhiteElo "1612"]
[BlackElo "1572"]

1. e4 d5 2. exd5 Qxd5 3. Nc3 Qe5+ 4. Be2 e6 5. Nf3 Qd6 6. d4 Nf6 7. Bd3 Nc6 8.
Be3 e5 9. Ne4 Nxe4 10. Bxe4 exd4 11. Nxd4 Nxd4 12. Bxd4 c5 13. Be3 Qxd1+ 14.
Rxd1 Bd7 15. b3 b6 16. Bxa8 1-0

[Event "Challenge"]
[Site "http://www.queenalice.com/game.php?id=1420601"]
[Date "2016.4.30"]
[Round "-"]
[White "hambu1"]
[Black "fornery"]
[Result "0-1"]
[WhiteElo "1611"]
[BlackElo "1596"]

1. e4 g5 2. g4 b5 3. Bxb5 Bb7 4. f3 c6 5. Ba4 Qa5 6. c3 Nf6 7. b4 Qe5 8. Qe2 e6
9. d4 Qc7 10. Bxg5 Be7 11. Bd2 Qb6 12. h4 a5 13. b5 cxb5 14. Bxb5 Ba6 15. c4 Nc6
16. Bxc6 Rc8 17. Bb5 Bxb5 18. cxb5 Qxd4 19. Nc3 Rxc3 20. Rb1 Ra3 21. b6 Bd6 0-1